Responses for show #7336 - Monday, July 4, 2016

Contestants

[<< previous game]

Justin Lucas, a video production specialist from Reston, Virginia

Liz Hedreen, a stay-at-home mom from Kirkland, Washington

Zach Klitzman, a public historian from Washington, D.C. (whose 1-day cash winnings total $37,601)

[next game >>]

Jeopardy! Round responses

SHOW YOUR COLLEGE COLORS
RHYME TIME
STATE CAPITALS
ANIMAL YOUNG
A SHAKESPEARE"M" CATEGORY
(Alex: Each correct response beginning with that letter of the alphabet.)
NASCAR TECHNOLOGY
(Jimmy: From the Daytona International Speedway. The evolution of a combination of speed and safety.)
    $200 10
crimson

Liz
    $200 16
(Liz: What is a booze choose?)
(Zach: What is a boozer chooser?)

a liquor picker

ZachLiz
Triple Stumper
    $200 1
Little Rock, Arkansas

Zach
    $200 22
a cub

Liz
    $200 11
merry

Justin
    $200 29
nitrogen

Zach
    $400 9
Cardinal

Justin
    $400 17
a freed Swede

Zach
    $400 2
Dover

Liz
    $400 23
a pig

Justin
    $400 12
murder

Liz
    $400 30
Richard Petty

Justin
    $600 8
purple

Liz
    $600 20
a partisan artisan

Triple Stumper
    $600 3
Salem (Oregon)

Justin
    $600 24
(Zach: What is a whale?)
(Alex: Be more specific.)

a blue whale

Zach
    $600 13
Montague

Justin
    $600 21
fuel injection

Justin
    $800 7
Marshall

Justin
    $800 27
a teacher preacher

Zach
    $800 4
Oklahoma City

Zach
    $800 26
a pup

Liz
    $800 14
music

Justin
    $800 18
Talladega

Zach
    $1000 6
Auburn

Zach
    $1000 28
a gilt hilt

Zach
    $1000 5
Harrisburg

Zach
    $4,600 25
(Alex: You have a $200 lead at the moment over Justin, and we have a minute left in the round.)
...
(Zach: [Sighs])
(Alex: Zach?)
(Zach: What is a donkey?)

a possum

Zach
    $1000 15
Mab

Liz
    $1000 19
a spoiler

Liz

Scores at the first commercial break (after clue 15):

Zach Liz Justin
$3,000 $2,600 $3,400

Scores at the end of the Jeopardy! Round:

Zach Liz Justin
$2,000 $4,400 $4,800

Double Jeopardy! Round responses

CATHERINE THE GREAT
RENO 411
18th CENTURY ART
MORE POWER TO THEM
TITLE PAIRS
THE "I-T" DEPARTMENT
(Alex: Each correct response will begin with those two letters.)
    $400 27
[The end-of-round signal sounds.]

potato

Zach
    $400 3
(Gilbert) Stuart

Zach
    $400 9
MTV

Justin
    $400 14
itemize

Liz
    $800 26
Peter the Great

Justin
    $800 19
Rococo

Zach
    $800 22
(Alex: With less than a minute to go, you are right.)

solar

Liz
    $800 10
Geena Davis & Susan Sarandon

Liz
    $800 15
itinerant

Justin
    $2,400 4
the Black Sea

Zach
    $1200 23
Tahoe

Liz
    $1200 11
(Alex: He also painted The Blue Boy.)

Gainsborough

Justin
    $4,000 21
nuclear

Justin
    $1200 12
Ren & Stimpy

Justin
    $1200 16
itsy-bitsy

Justin
    $1600 2
Voltaire

Liz
    $1600 24
Clark Gable

Triple Stumper
    $1600 5
Goya

Zach
    $1600 20
(Justin: Awesome.)

a hamster

Justin
    $1600 13
Lois & Clark

Justin
    $1600 17
(Zach: What is reiterate??

iterate

ZachLiz
    $2000 1
Grigory Potemkin

Triple Stumper
    $2000 25
Bill Harrah

Triple Stumper
    $2000 6
jails (or prisons)

Zach
    $2000 8
dynamo

Justin
    $2000 7
Frankie and Johnny

Triple Stumper
    $2000 18
(Zach: What is Lake Manitoba?)

Lake Itasca

Zach
Triple Stumper

Scores at the end of the Double Jeopardy! Round:

Zach Liz Justin
$6,000 $10,800 $19,600

[wagering suggestions for these scores]

Final Jeopardy! Round responses

DISNEYLAND
ZachWhat is Space Mountain? It's a small world
$5,007
LizWhat is It's a Small World?
$10,800
JustinWhat is Space Mountain?
$2,001
It's a Small World

Final scores:

Zach Liz Justin
$11,007 $21,600 $17,599
3rd place: $1,000 New champion: $21,600 2nd place: $2,000

Game dynamics:

Coryat scores:

Zach Liz Justin
$9,400 $10,800 $16,800
16 R
(including 1 DD),
4 W
(including 1 DD)
14 R,
1 W
19 R
(including 1 DD),
0 W

Combined Coryat: $37,000

The J! Archive is created by fans, for fans. The Jeopardy! game show and all elements thereof, including but not limited to copyright and trademark thereto, are the property of Jeopardy Productions, Inc. and are protected under law. This website is not affiliated with, sponsored by, or operated by Jeopardy Productions, Inc. Join the discussion at JBoard.tv.